<?xml version="1.0" encoding="UTF-8"?>
<record
    xmlns:xsi="http://www.w3.org/2001/XMLSchema-instance"
    xsi:schemaLocation="http://www.loc.gov/MARC21/slim http://www.loc.gov/standards/marcxml/schema/MARC21slim.xsd"
    xmlns="http://www.loc.gov/MARC21/slim">

  <leader>01261nam a22002294aa4500</leader>
  <controlfield tag="003">BOFEUTO</controlfield>
  <controlfield tag="005">20260519153346.0</controlfield>
  <controlfield tag="008">260605t2026    bo     gr     000 f spa d</controlfield>
  <datafield tag="017" ind1=" " ind2=" ">
    <subfield code="a">4-1-3766-2026</subfield>
  </datafield>
  <datafield tag="020" ind1=" " ind2=" ">
    <subfield code="a">978-9917-663-27-0</subfield>
  </datafield>
  <datafield tag="040" ind1=" " ind2=" ">
    <subfield code="6">BOFEUTO</subfield>
    <subfield code="a">BOFEUTO</subfield>
    <subfield code="c">BOFEUTO</subfield>
  </datafield>
  <datafield tag="082" ind1=" " ind2=" ">
    <subfield code="a">517.33</subfield>
    <subfield code="b">H531a</subfield>
  </datafield>
  <datafield tag="100" ind1=" " ind2=" ">
    <subfield code="a">Herrera Leniz, Miguel</subfield>
    <subfield code="e">autor</subfield>
  </datafield>
  <datafield tag="245" ind1=" " ind2=" ">
    <subfield code="a">An&#xE1;lisis matem&#xE1;tico aplicado /</subfield>
    <subfield code="c">Miguel Herrera Leniz</subfield>
  </datafield>
  <datafield tag="246" ind1=" " ind2=" ">
    <subfield code="a">Applied mathematical analysis</subfield>
  </datafield>
  <datafield tag="250" ind1=" " ind2=" ">
    <subfield code="a">6ta. Edici&#xF3;n</subfield>
  </datafield>
  <datafield tag="260" ind1=" " ind2=" ">
    <subfield code="a">Oruro :</subfield>
    <subfield code="b">Latinas, </subfield>
    <subfield code="c">2026.</subfield>
  </datafield>
  <datafield tag="300" ind1=" " ind2=" ">
    <subfield code="a">283 p. ;</subfield>
    <subfield code="b">ilus. ;</subfield>
    <subfield code="c">25.5 cm.</subfield>
  </datafield>
  <datafield tag="500" ind1=" " ind2=" ">
    <subfield code="a">Incluye pr&#xF3;logo, resumen de f&#xF3;rmulas, bibliograf&#xED;a.</subfield>
  </datafield>
  <datafield tag="520" ind1=" " ind2=" ">
    <subfield code="a">CAP&#xCD;TULO 1 Ecuaciones y sistemas de ecuaciones CAP&#xCD;TULO 2  An&#xE1;lisis combinatorio CAP&#xCD;TULO 3. Sistema de n&#xFA;meros reales y desigualdades CAP&#xCD;TULO 4 Relaciones y funciones CAP&#xCD;TULO 5 Algunas funciones particulares CAP&#xCD;TULO 6 L&#xED;mite de una funci&#xF3;n CAP&#xCD;TULO 7 Derivada de una funci&#xF3;n CAP&#xCD;TULO 8 Aplicaciones de la derivada CAP&#xCD;TULO 9 Funciones a varias variables CAP&#xCD;TULO 10 Integrales a una y varias variables C&#xC1;PITULO11 &#xC1;lgebra matricial. Determinantes CAP&#xCD;TULO  12 Series infinitas CAP&#xCD;TULO 13 Ecuaciones diferenciales CAP&#xCD;TULO 14 Ecuaciones de diferencias.</subfield>
  </datafield>
  <datafield tag="942" ind1=" " ind2=" ">
    <subfield code="2">ddc</subfield>
    <subfield code="c">LI</subfield>
    <subfield code="n">0</subfield>
  </datafield>
  <datafield tag="999" ind1=" " ind2=" ">
    <subfield code="c">16177</subfield>
    <subfield code="d">16177</subfield>
  </datafield>
  <datafield tag="952" ind1=" " ind2=" ">
    <subfield code="0">0</subfield>
    <subfield code="1">0</subfield>
    <subfield code="2">ddc</subfield>
    <subfield code="4">0</subfield>
    <subfield code="7">0</subfield>
    <subfield code="a">UTO</subfield>
    <subfield code="b">UTO</subfield>
    <subfield code="d">2026-05-06</subfield>
    <subfield code="e">Donaci&#xF3;n</subfield>
    <subfield code="i">15489</subfield>
    <subfield code="l">0</subfield>
    <subfield code="o">517.33/H531a/2026</subfield>
    <subfield code="p">15489</subfield>
    <subfield code="r">2026-05-19 10:32:24</subfield>
    <subfield code="t">Ej.1</subfield>
    <subfield code="w">2026-05-19</subfield>
    <subfield code="y">LI</subfield>
  </datafield>
  <datafield tag="952" ind1=" " ind2=" ">
    <subfield code="0">0</subfield>
    <subfield code="1">0</subfield>
    <subfield code="2">ddc</subfield>
    <subfield code="4">0</subfield>
    <subfield code="7">0</subfield>
    <subfield code="a">UTO</subfield>
    <subfield code="b">UTO</subfield>
    <subfield code="d">2026-05-06</subfield>
    <subfield code="e">Donaci&#xF3;n</subfield>
    <subfield code="i">15488</subfield>
    <subfield code="l">0</subfield>
    <subfield code="o">517.33/H531a/2026</subfield>
    <subfield code="p">15488</subfield>
    <subfield code="r">2026-05-19 10:33:37</subfield>
    <subfield code="t">Ej.1</subfield>
    <subfield code="w">2026-05-19</subfield>
    <subfield code="y">LI</subfield>
  </datafield>
  <datafield tag="952" ind1=" " ind2=" ">
    <subfield code="0">0</subfield>
    <subfield code="1">0</subfield>
    <subfield code="2">ddc</subfield>
    <subfield code="4">0</subfield>
    <subfield code="7">0</subfield>
    <subfield code="a">UTO</subfield>
    <subfield code="b">UTO</subfield>
    <subfield code="d">2026-05-06</subfield>
    <subfield code="e">Donaci&#xF3;n</subfield>
    <subfield code="i">15487</subfield>
    <subfield code="l">0</subfield>
    <subfield code="o">517.33/H531a/2026</subfield>
    <subfield code="p">15487</subfield>
    <subfield code="r">2026-05-19 10:35:04</subfield>
    <subfield code="t">Ej.1</subfield>
    <subfield code="w">2026-05-19</subfield>
    <subfield code="y">LI</subfield>
  </datafield>
  <datafield tag="952" ind1=" " ind2=" ">
    <subfield code="0">0</subfield>
    <subfield code="1">0</subfield>
    <subfield code="2">ddc</subfield>
    <subfield code="4">0</subfield>
    <subfield code="7">0</subfield>
    <subfield code="a">BCE</subfield>
    <subfield code="b">BCE</subfield>
    <subfield code="d">2026-05-06</subfield>
    <subfield code="e">Donaci&#xF3;n</subfield>
    <subfield code="i">2057</subfield>
    <subfield code="l">0</subfield>
    <subfield code="o">517.33/H531a/2026</subfield>
    <subfield code="p">BCAMP2057</subfield>
    <subfield code="r">2026-05-19 10:36:00</subfield>
    <subfield code="t">Ej.1</subfield>
    <subfield code="w">2026-05-19</subfield>
    <subfield code="y">LI</subfield>
  </datafield>
  <datafield tag="952" ind1=" " ind2=" ">
    <subfield code="0">0</subfield>
    <subfield code="1">0</subfield>
    <subfield code="2">ddc</subfield>
    <subfield code="4">0</subfield>
    <subfield code="7">0</subfield>
    <subfield code="a">BCE</subfield>
    <subfield code="b">BCE</subfield>
    <subfield code="d">2026-05-06</subfield>
    <subfield code="e">Donaci&#xF3;n</subfield>
    <subfield code="i">2058</subfield>
    <subfield code="l">0</subfield>
    <subfield code="o">517.33/H531a/2026</subfield>
    <subfield code="p">BCAMP2058</subfield>
    <subfield code="r">2026-05-19 15:19:49</subfield>
    <subfield code="t">Ej.1</subfield>
    <subfield code="w">2026-05-19</subfield>
    <subfield code="y">LI</subfield>
  </datafield>
</record>
